Southville International School and Colleges

A Fair Mystery : (Record no. 271184)

000 -LEADER
fixed length control field 00601cam a22002053a 4500
001 - CONTROL NUMBER
control field 41932
003 - CONTROL NUMBER IDENTIFIER
control field PGUSA
005 - DATE AND TIME OF LATEST TRANSACTION
control field 20140828083939.0
008 - FIXED-LENGTH DATA ELEMENTS--GENERAL INFORMATION
fixed length control field 130127s2013||||xxu|||||s|||||000 | eng d
040 ## - CATALOGING SOURCE
Original cataloging agency PGUSA
Language of cataloging eng
042 ## - AUTHENTICATION CODE
Authentication code dc
100 1# - MAIN ENTRY--PERSONAL NAME
Personal name Brame, Charlotte M.,
Dates associated with a name 1836-1884
245 12 - TITLE STATEMENT
Title A Fair Mystery :
Remainder of title The Story of a Coquette
Medium [electronic resource] /
Statement of responsibility, etc Charlotte M. Brame
260 ## - PUBLICATION, DISTRIBUTION, ETC. (IMPRINT)
Name of publisher, distributor, etc Project Gutenberg,
Date of publication, distribution, etc 2013
506 ## - RESTRICTIONS ON ACCESS NOTE
Terms governing access Public domain in the USA.
516 ## - TYPE OF COMPUTER FILE OR DATA NOTE
Type of computer file or data note Electronic text
830 #0 - SERIES ADDED ENTRY--UNIFORM TITLE
Uniform title Project Gutenberg
Volume number/sequential designation 41932
856 40 - ELECTRONIC LOCATION AND ACCESS
Uniform Resource Identifier http://www.gutenberg.org/ebooks/41932
942 ## - ADDED ENTRY ELEMENTS (KOHA)
Koha item type eBooks
Holdings
Date acquired Price effective from Date last seen Permanent Location Lost status Damaged status Withdrawn status Current Location Koha item type
2014-08-282014-08-282014-08-28Project Gutenberg   Project GutenbergeBooks
Powered by Koha